Most points in world cup history - Statistieken

Algemene statistieken
  • Deze quiz is 36 keer genomen
  • De gemiddelde score is 16 van 20
Antwoordstatistieken
Place Punten Country % Correct
1 247 Brazil
100%
3 158 Argentina
96%
2 225 Germany
96%
8 104 Netherlands
96%
7 110 Spain
96%
4 156 Italy
93%
10 73 Belgium
89%
6 118 England
89%
5 131 France
89%
15 57 Portugal
89%
9 88 Uruguay
89%
16 57 Poland
86%
12 67 Russia
75%
11 70 Sweden
75%
19 47 Croatia
71%
13 66 Mexico
71%
18 48 Hungary
54%
14 63 Serbia
54%
20 41 Czech Republic
46%
17 50 Switserland
25%
Geen overeenkomende quizzen gevonden
Scoreverdeling
Procent van Mensen met Elke Score
Percentiel versus Aantal Correcte Antwoorden
Uw Scoregeschiedenis
U heeft deze quiz nog niet genomen